000 00445nam a2200181Ia 4500
001 20857
005 20260306172836.0
008 260306t2015||||xx |||||||||||||| ||spa||
041 _aESP
082 _a343.8
_bI59
100 _aInstituto del Pacífico
_eAUT
245 0 _aÚltimas modificaciones tributarias 2014-2015
260 _c2015
300 _a30 páginas :
_c29 cm.
650 _aGEN
654 _aCCO
942 _cLIB
_dJUS
_fJUS
_2ddc
_n
999 _c20857
_d20857